50 Nomes mais populares do Brasil começando com G - Statistics

Estatísticas Gerais
  • Esse quiz foi jogado 419 vezes
  • A pontuação média é 21 de 50
Estatísticas das Respostas
# NOMES FREQUÊNCIA % Correto
1 Gabriel 932.449
97%
4 Gabriela 381.650
95%
2 Gustavo 541.480
93%
3 Guilherme 529.001
83%
15 Gean/Gian 65.711
76%
6 Geovana/Giovana/Giovanna 290.415
75%
9 Geovane/Geovani/Giovani/Giovane 163.834
72%
12 Gabriele 124.748
68%
19 Geane/Giane/Geani 50.174
62%
5 Geraldo 340.357
62%
8 Gisele 165.343
62%
7 Gilberto 213.266
61%
11 Gílson 144.757
57%
10 Gilmar 160.511
54%
47 Graça 16.499
52%
24 Graziela 40.833
52%
29 Gilda 30.360
51%
13 Geralda 92.288
49%
14 Gérson 86.856
49%
17 Geni 60.387
48%
43 Giulia 18.742
48%
21 Graziele 47.181
46%
27 Gilmara 32.784
44%
20 Gláucia 49.183
43%
22 Glória 46.774
42%
45 Gildo 18.587
39%
33 Graciele 28.140
35%
30 Gleice 30.067
34%
18 Gilvan 57.865
32%
31 Genival 29.422
31%
23 Genivaldo 42.639
30%
25 George 36.239
30%
34 Getúlio 26.978
30%
16 Gislaine 62.810
30%
28 Gislene 30.776
30%
35 Geisa 24.684
28%
44 Greice 18.629
27%
41 Gildete 20.126
24%
50 Germano 15.532
23%
26 Genílson 32.977
22%
32 Gelson 28.514
19%
48 Gerusa/Geruza 15.956
18%
37 Gleison 22.022
17%
38 Guiomar 21.505
17%
46 Genésio 18.434
16%
42 Genilda 19.500
16%
40 Gleiciane 20.331
12%
49 Gleidson 15.618
12%
36 Givaldo 23.555
11%
39 Givanildo 21.334
8%
Nenhum quiz correspondente encontrado
Distribuição das Pontuações
Porcentagem de Pessoas com Cada Pontuação
Percentil de Números Respondidos
Sua Pontuação Histórica
Você não jogou esse quiz